00808nam a22001697a 4500008004100000020001800041040005500059080002400114245015800138260004300296300001000339500007900349650001600428942001200444999001700456952016500473230621b |||||||| |||| 00| 0 eng d a0-86010-669-1 aNational Science LibrarycNational Science Library a626.02(082.2)bM5.4 aAdvances in underwater technology and offshore engineeringc/ Proceedings of an international conference...................................4-5 June, 1985 aLondon: bGraham & Trotman Ltd, c1985 a267p. aVol. 4 Evaluation, comparison and calibration of oceanographic instruments aProceedings 2udccPR c45717d45717 00102udc3Vol. 4, 1985406626020822_M5470969325aNSLbNSLcGF/Rk-13/C-14/R-3d1986-09-22l0o626.02(082.2) M5.4p167837r2023-06-21 00:00:00w1986-09-22yPR